| 000 | 00651nac a22001811u 4500 | ||
|---|---|---|---|
| 020 | _a977154424 | ||
| 082 |
_a618.9215 _bAr31 |
||
| 090 |
_c3620 _d3620 |
||
| 100 | _aAref, Khairy M. | ||
| 245 |
_aLecture Notes On Pediatric Hematology / _cBy M.Khairy Aref. |
||
| 260 |
_aAlexandria, Egypt: _bMo`asaset Shabaab Al Gamea, _cC.1988. |
||
| 300 |
_a146p; _c20cm. |
||
| 500 | _aDonations. | ||
| 500 | _aDonations - Bibliotheca Alexandrina. | ||
| 650 | _aPediatric hematology. | ||
| 942 |
_cBB _k618.9215Ar31 |
||
| 999 |
_c3620 _d3620 |
||